000 00721nam a2200241Ia 4500
003 OSt
005 20220918174251.0
006 a|||||r|||| 00| 0
007 ta
008 220917b |||||||| |||| 00| 0 eng d
024 _a11,305
037 _cTextual
040 _aARTS
_cARTS
_beng
041 _2eng
_aeng
082 _aM3v2.N6, K8
100 _aBhavnani Enkshi.
_949733
245 0 _aDecorative design and crafts manship of India
_b with over 10,001 designs and motifs from the crafts of India
260 _aBombay
_bD B Taraporevalla
_c1968
300 _axv,109p plates
_ccm.
650 _aINDUSTRIAL ARTS
942 _hM3v2.N6, K8
_cTEXL
_2CC
999 _c152419
_d152419